000 00496nam a2200181Ia 4500
001 16634
005 20260306170324.0
008 260306t2017||||xx |||||||||||||| ||und||
041 _aESP
082 _a348.8
_bT869P
100 _aToyama Miyagusuku
_eAUT
245 0 _aProblemática de los contratos de trabajo modal:
_bcomó están resolviendo el TC y la corte suprema
260 _c2017
300 _a142 páginas :
_c24 cm.
650 _aGEN
654 _aCDE
942 _cLIB
_dJUS
_fJUS
_2ddc
_n
999 _c16634
_d16634